000 00331 a2200157 4500
001 188037
020 _a85-10-02871-0
040 _cMagnum
100 _aTavares, Ulisses
240 1 0 _aFábulas do futuro
_lpor
245 1 0 _aFábulas do futuro
300 _a95
362 0 _a2001
697 _aLITERATURA JUVENIL
942 _cBK
999 _c188037
_d188037